F1 : devinez la nationalité de ces pilotes - Statistiques

Statistiques générales
  • Ce quiz a été pris 197 fois
  • Le résultat moyen est 13 sur 15
Statistiques - réponses
Pilotes Pays d'origine % Correct
Michael Schumacher Allemagne
99%
Alain Prost France
99%
Fernando Alonso Espagne
96%
Alberto Ascari Italie
96%
Max Verstappen Pays-Bas
96%
Lewis Hamilton Royaume-Uni
96%
Ayrton Senna Brésil
95%
Mika Hakkinen Finlande
91%
Jacques Villeneuve Canada
86%
Juan Manuel Fangio Argentine
84%
Niki Lauda Autriche
81%
Mario Andretti Etats-Unis
75%
Jack Brabham Australie
67%
Jody Scheckter Afrique du Sud
48%
Denny Hulme Nouvelle-Zélande
43%
Aucun quiz correspondant
Distribution des résultats
% des personnes avec chaque résultat
Percentile par nombre de réponses
Votre historique - résultats
Vous n’avez pas pris ce quiz